Método práctico racional para que los niños que frecuentan las escuelas de Cataluña puedan aprender sin grande esfuerzo el idioma castellano

Saved in:
Bibliographic Details
Main Author: Torelló i Borràs, Ramon, 1844-1897
Format: Book
Language:Spanish
Published: Barcelona : Impr. Casa de Caridad, 1882
Edition:3ª ed.
Textbook Catalogue:MANES:  Library Catalog Search Result
Textbook Classification:
Tags: Add Tag
No Tags, Be the first to tag this record!
Added to:2013-01-23
Changed in:2025-05-07

MARC

LEADER 00000nam a2200000 a 4500
003 ES-BaCBU
005 20250507130110.0
008 130124s1882 spc|||||| 000 ||spa|c
040 |a ES-BaCBU  |b cat  |c ES-BaCBU 
100 1 |a Torelló i Borràs, Ramon,  |d 1844-1897  |9 26908 
245 1 0 |a Método práctico racional para que los niños que frecuentan las escuelas de Cataluña puedan aprender sin grande esfuerzo el idioma castellano /  |c por Ramon Torelló y Borrás 
250 |a 3ª ed. 
260 |a Barcelona :  |b Impr. Casa de Caridad,  |c 1882 
300 |a vol. 
546 |a España  |a Text en català i castellà 
561 |5 es-CRAI  |3 34/5/5  |a España. Biblioteca Universitat de Barcelona  |k MANES 
690 0 |a LEN 
691 0 |a PRI 
856 |y Registro en Cercabib - CRAI 
940 |a AHCB 
942 |2 ddc  |c BK 
949 |f Biblioteca Joan Solà  |d 0701929038 
999 |c 87151  |d 87151 
999 |c manes:87151  |d 87151